Países Fusionados #1 - Estadísticas

Estadísticas generales
  • Esta prueba ha sido intentada 58 veces
  • La puntuación promedio es 14 de 20
Respuestas en el mapa
Las respuestas están codificadas por una escala verde-roja en el mapa de la prueba según el % correcto abajo.
 
Estadísticas de respuestas
Country % Correcto
Pakistán
84%
Afganistán
82%
Rusia
80%
Camboya
78%
República Checa
78%
Vietnam
78%
Eslovaquia
76%
Guyana
76%
Mauritania
73%
Surinam
73%
Argentina
71%
Malí
71%
Mongolia
71%
Paraguay
71%
República del Congo
63%
Somalia
63%
Gabón
57%
Kenia
57%
Croacia
45%
Eslovenia
45%
No se encontraron pruebas coincidentes
Distribución de puntuación
Porcentaje de gente con cada puntuación
Porcentaje por número respondido
Historial de tus puntuaciones
No has intentado esta prueba.